02212cam a2200277 i 4500003000900000005001700009008004100026040003800067082001800105090001800123100010000141245009200241250003300333264010400366300003400470336003600504337003500540338002900575650002800604856056500632856055101197942001701748949003801765952011401803999001701917SA_RiAUC20251113113702.0251110s2008 su g 000 0 ara c aSA-MaMIUbaracSA-RiAUCdKACerda04a243qSA-RiAUC a243bغ ن ي1 aالغنيمان، عبد الله بن محمد عبد الله،d1353 هجري-eمؤلف.12aالهوى وأثره في الخلاف /cعبد الله محمد الغنيمان. aالطبعة الأولى. 1aالدمام، السعودية :bدار ابن الجوزي للنشر والتوزيع،c[2008] a56 صفحة ؛c14 × 20 سم aنصbtxt2rdacontent3كتاب aبدون وسيطbn2rdamedia aمجلدbnc2rdacarrier 7aالسمعيات2aucsh uhttp://saaid.net/book/open.php?cat=82&book=125yExternal Link2 نرجو الانتباه لإمكانية وجود اختلاف في الطبعة أو الناشر بين البيانات على البوابة وما ستجده على الكتاب نظرا لمحدودية المعلومات المتاحة على الموقع الناشر للمادة.3Please note that there may be a difference in the edition or publisher between the data on the portal and the book due to the limited information available on the publisher website for the material. uhttp://www.saaid.net/book/120.zipyDigital Copy2 نرجو الانتباه لإمكانية وجود اختلاف في الطبعة أو الناشر بين البيانات على البوابة وما ستجده على الكتاب نظرا لمحدودية المعلومات المتاحة على الموقع الناشر للمادة.3Please note that there may be a difference in the edition or publisher between the data on the portal and the book due to the limited information available on the publisher website for the material. 2ddccBOOKn0 aSA-JeALMd251110umohamedma123n1 00102ddc4070aWAHABbWAHABd2025-11-13l0o243 غ ن يp000021108r2025-11-13 11:37:33w2025-11-13yBOOK c13228d13228